| 000 | 00707cam a2200241 4500 | ||
|---|---|---|---|
| 001 | 2683336 | ||
| 008 | 740823s1974 enk b 001 0 eng | ||
| 020 | _a091184819 | ||
| 040 |
_aDLC _cCUZ _dDLC _beng _erda |
||
| 050 | 0 | 0 |
_aJN234 _bMAC |
| 100 | 1 |
_aMackintosh, John Pitcairn, _d1929- |
|
| 245 | 1 | 4 |
_aThe government and politics of Britain _c[by] John P. Mackintosh. |
| 250 | _a3rd revised ed. | ||
| 264 |
_aLondon : _bHutchinson, _c1974. |
||
| 300 |
_a224 pages. _c23 cm. |
||
| 336 |
_atext _btxt |
||
| 337 |
_aunmediated _bn |
||
| 338 | _2rdacarrier | ||
| 500 | _aIncludes index. | ||
| 651 | 0 | _aGreat Britain | |
| 942 | _cOS | ||
| 999 |
_c44743 _d44743 |
||